[Event "Rector Cup MGSU"]
[Site "Moscow RUS"]
[Date "2012.11.11"]
[Round "11.6"]
[White "Arslanov, Shamil"]
[Black "Azarov, Sergei"]
[Result "0-1"]
[WhiteTitle "IM"]
[BlackTitle "GM"]
[WhiteElo "2396"]
[BlackElo "2618"]
[WhiteFideId "4192826"]
[BlackFideId "13501470"]
[EventDate "2012.11.09"]

1. e4 c5 2. c3 d6 3. d4 Nf6 4. f3 Qc7 5. Be3 g6 6. dxc5 dxc5 7. a4 Bg7 8. Na3
O-O 9. Bc4 Nbd7 10. Ne2 Ne5 11. O-O Nxc4 12. Nxc4 b6 13. Bf4 Qc6 14. Ne3 Ba6 15.
Qc2 Rad8 16. Rfd1 e6 17. Be5 c4 18. Rxd8 Rxd8 19. Rd1 Rd3 20. Nf1 Nd7 21. Bxg7
Kxg7 22. Nf4 Qc5+ 23. Kh1 Rxd1 24. Qxd1 Ne5 25. Qd4 g5 26. Ne2 Qxd4 27. Nxd4 Nd3
28. b3 cxb3 29. Nxb3 Nb2 30. Ne3 Nxa4 31. c4 Nc5 32. Nd4 Bb7 33. Kg1 a5 34. Kf1
a4 35. Ndc2 Kg6 36. Ke2 f5 37. exf5+ exf5 38. Kd2 h5 39. Kc3 f4 40. Nd1 g4 41.
fxg4 hxg4 42. Nf2 Ne4+ 0-1

[Event "Rector Cup MGSU"]
[Site "Moscow RUS"]
[Date "2012.11.11"]
[Round "11.8"]
[White "Volkov, Sergey"]
[Black "Gordievsky, Dmitry"]
[Result "1/2-1/2"]
[WhiteTitle "GM"]
[BlackTitle "FM"]
[WhiteElo "2577"]
[BlackElo "2422"]
[WhiteFideId "4122763"]
[BlackFideId "24112798"]
[EventDate "2012.11.09"]

1. d4 Nf6 2. c4 e6 3. Nc3 Bb4 4. f3 c5 5. d5 O-O 6. e4 b5 7. e5 exd5 8. exf6 d4
9. a3 Ba5 10. b4 dxc3 11. bxa5 Qxf6 12. Ra2 bxc4 13. Qd5 Nc6 14. Bxc4 Nxa5 15.
Qxa8 Nc6 16. Bb5 Ba6 17. Qxc6 dxc6 18. Bxa6 Qh4+ 19. Rf2 Rd8 20. Nh3 Re8+ 21.
Be2 Qd4 22. g3 c2 23. Kf1 Qd1+ 24. Bxd1 cxd1=Q+ 25. Kg2 Qb3 26. Bb2 c4 27. Rc1
h6 28. Rc3 Qb5 29. Rfc2 Re1 30. Rxc4 Re2+ 31. Nf2 Rxc2 32. Rxc2 c5 33. Ne4 Qb3
34. Rd2 c4 35. Nc3 Qb7 36. h4 Qe7 37. Re2 Qd7 38. h5 Qd3 39. g4 Kh7 40. Rf2 f5
41. Kg1 fxg4 42. fxg4 Qg3+ 43. Kf1 Qxg4 44. Rh2 Qf4+ 45. Kg2 Qg4+ 46. Kf1 Qf3+
47. Ke1 Qg3+ 48. Rf2 Qh4 49. Ne2 Qh1+ 50. Kd2 Qb1 51. Bd4 Qd3+ 52. Ke1 Qb1+ 53.
Kd2 Qd3+ 54. Ke1 Qb1+ 55. Kd2 Qd3+ 56. Ke1 Qb1+ 57. Kd2 Qd3+ 58. Ke1 1/2-1/2

[Event "Rector Cup MGSU"]
[Site "Moscow RUS"]
[Date "2012.11.11"]
[Round "11.9"]
[White "Pavlov, Sergey2"]
[Black "Aleksandrov, Aleksej"]
[Result "0-1"]
[WhiteTitle "IM"]
[BlackTitle "GM"]
[WhiteElo "2471"]
[BlackElo "2607"]
[WhiteFideId "14114330"]
[BlackFideId "13500139"]
[EventDate "2012.11.09"]

1. c4 e6 2. g3 d5 3. Bg2 g6 4. Nf3 Bg7 5. O-O Nc6 6. d4 Nge7 7. Nc3 O-O 8. cxd5
exd5 9. Bf4 Be6 10. Rc1 h6 11. Ne5 g5 12. Nxc6 Nxc6 13. Be3 Ne7 14. f3 Nf5 15.
Bf2 c6 16. Qd2 Qf6 17. Rfd1 Rad8 18. Na4 Rfe8 19. Nc5 Bc8 20. e3 h5 21. Nd3 Qh6
22. Re1 g4 23. fxg4 hxg4 24. Nf4 Nd6 25. Qa5 a6 26. Re2 Bf5 27. Be1 Be4 28. b3
Rd7 29. Qd2 Rde7 30. Bxe4 Nxe4 31. Qd3 Ng5 32. Bd2 Nf3+ 33. Kh1 Bxd4 34. Rc2 Bg7
35. Bb4 Re4 36. Bc5 Be5 37. Rf2 Bxf4 38. gxf4 f5 39. Qf1 Qh5 40. Rxf3 gxf3 41.
Rf2 Rxe3 42. Bxe3 Rxe3 43. h3 Kf8 44. Kh2 Ke7 45. Kg3 Kd6 46. Kh2 c5 47. Qg1 Re2
48. Rxe2 fxe2 49. Qe3 Kd7 50. Kg3 Qe8 51. Qxe8+ Kxe8 52. Kf2 Kf7 53. Kxe2 Kg6 0-1

[Event "Rector Cup MGSU"]
[Site "Moscow RUS"]
[Date "2012.11.11"]
[Round "11.10"]
[White "Grigoriants, Sergey"]
[Black "Reshetnikov, Alexey"]
[Result "1-0"]
[WhiteTitle "GM"]
[BlackTitle "IM"]
[WhiteElo "2588"]
[BlackElo "2508"]
[WhiteFideId "4130804"]
[BlackFideId "4162080"]
[EventDate "2012.11.09"]

1. e4 c5 2. Nf3 Nc6 3. Bb5 e6 4. Bxc6 bxc6 5. d3 Ne7 6. Qe2 Ng6 7. h4 h5 8. e5
f6 9. Qe4 Kf7 10. Na3 d5 11. exd6 Qxd6 12. Nc4 Qd5 13. Ne3 Qxe4 14. dxe4 Ba6 15.
g3 Bd6 16. Nd2 Rad8 17. f4 Bc7 18. Nb3 c4 19. Nc5 Bc8 20. Nxc4 Rd4 21. b3 Bb6
22. Ba3 Rhd8 23. c3 Rxc4 24. bxc4 Bxc5 25. Bxc5 Rd3 26. Kf2 Rd2+ 27. Ke3 Rc2 28.
Rac1 Rb2 29. Rb1 Rg2 30. Rhg1 Rh2 31. Rb8 Ba6 32. Rd1 1-0

[Event "Rector Cup MGSU"]
[Site "Moscow RUS"]
[Date "2012.11.11"]
[Round "11.11"]
[White "Shomoev, Anton"]
[Black "Hovhannisyan, Robert"]
[Result "1-0"]
[WhiteTitle "GM"]
[BlackTitle "GM"]
[WhiteElo "2568"]
[BlackElo "2610"]
[WhiteFideId "4135148"]
[BlackFideId "13302507"]
[EventDate "2012.11.09"]

1. d4 Nf6 2. c4 c5 3. Nf3 cxd4 4. Nxd4 b6 5. f3 e6 6. e4 Bc5 7. Be3 O-O 8. Nc3
Qe7 9. Qd2 d5 10. exd5 exd5 11. O-O-O dxc4 12. Bxc4 Nbd7 13. Rhe1 Ne5 14. Bb3
Ba6 15. Bf4 Nd3+ 16. Qxd3 Qxe1 17. Qxa6 Qf2 18. Nf5 Qxg2 19. Qf1 Qxf1 20. Rxf1
Rfe8 21. Bg5 Re5 22. Nh6+ Kf8 23. f4 Be3+ 24. Kb1 Rc5 25. Bxf6 gxf6 26. Nd5 Rxd5
27. Bxd5 Rd8 28. Bb3 Rd2 29. Nf5 Bc5 30. Rd1 Rxd1+ 31. Bxd1 Bg1 32. h3 Bh2 33.
Ba4 Bxf4 34. h4 Be5 35. h5 a6 36. Bc6 a5 37. b3 Bh2 38. Kc2 Bg1 39. Kd3 Bc5 40.
Kc4 Bf2 41. Kb5 Bc5 42. Ka6 Kg8 43. Kb7 Kf8 44. Kc7 Kg8 45. Kd7 Kf8 46. Be4 Bf2
47. Nh6 b5 48. Ng4 Be1 49. Bxh7 a4 50. Bd3 axb3 51. axb3 b4 52. Ne3 Bd2 53. Nf5
Bc1 54. Bc4 Bd2 55. h6 Kg8 56. Ke7 Bc1 57. Bxf7+ Kh7 58. Kxf6 Bd2 59. Bg6+ Kg8
60. h7+ Kh8 61. Kf7 Bc3 62. Ne7 Be1 63. Bd3 1-0

[Event "Rector Cup MGSU"]
[Site "Moscow RUS"]
[Date "2012.11.11"]
[Round "11.12"]
[White "Balashov, Yuri S"]
[Black "Belous, Vladimir"]
[Result "1-0"]
[WhiteTitle "GM"]
[BlackTitle "IM"]
[WhiteElo "2475"]
[BlackElo "2554"]
[WhiteFideId "4100263"]
[BlackFideId "4174003"]
[EventDate "2012.11.09"]

1. d4 Nf6 2. Nf3 g6 3. c3 Bg7 4. Bf4 O-O 5. e3 d6 6. h3 Nfd7 7. Bh2 e5 8. Nbd2
Nc6 9. Bc4 Kh8 10. O-O f5 11. b4 Qf6 12. a4 g5 13. a5 g4 14. hxg4 fxg4 15. Ne4
Qg6 16. Nfd2 Nf6 17. Nxf6 Rxf6 18. Bg3 Qh5 19. Ne4 Rh6 20. f4 gxf3 21. Qxf3 Bg4
22. Qf7 exd4 23. Qxh5 Rxh5 24. Nf2 dxc3 25. Nxg4 Rg5 26. Be2 Nxb4 27. Bh4 Rc5
28. Ra4 Nd5 29. e4 c2 30. exd5 c1=Q 31. Rxc1 Rxc1+ 32. Kh2 Rf8 33. a6 bxa6 34.
Bg3 h5 35. Nf2 Rc2 36. Bxh5 Rfxf2 37. Bxf2 Be5+ 38. Bg3 1-0